000 01252nam a2200301 4500
003 EC-UNACH
005 20250926152125.0
006 s||||gr|||| 00| 00
008 150116t9999 mx r gr 000 0 spa d
020 _a978-84-9835-358-7
040 _aEC-UNACH
_cEC-UNACH
041 _aspa
082 0 4 _223
_a614.4
_bL001202
100 _aHernández Aguado, Ildefonso
245 _aManual de Epidemiología y Salud Pública para grados en ciencias de la salud.
250 _aSegunda Edición.
264 _aMadrid, España
_bEditorial médica Panamericana, S.A.
_c2011
300 _a370 páginas
_c24 centímetros
501 _aÍndice de autores, prefacio, índice analítico.
505 _aIncluye: Sección I. Introducción a la salud pública y los servicios sanitarios -- Sección II. Epidemiología, estadística y demografía sanitaria -- Sección III. Estrategias Epidemiológicas específicas y prevención de problemas de salud -- Sección IV. Gestión sanitaria y problemas de salud.
650 _aEPIDEMIOLOGÍA
650 _aDEMOGRAFÍA SANITARIA
650 _aPROMOCIÓN EN SALUD
942 _2ddc
_c1
999 _c13911